Examining parliamentary accountability system in Bangladesh: theory and practice (Record no. 513840)

000 -LEADER
fixed length control field 01384nam a22001577a 4500
008 - FIXED-LENGTH DATA ELEMENTS--GENERAL INFORMATION
fixed length control field 200907b ||||| |||| 00| 0 eng d
100 ## - MAIN ENTRY--PERSONAL NAME
Personal name Mikail, Mohammad and Chowdhury, Mohammad Shahjahan
245 ## - TITLE STATEMENT
Title Examining parliamentary accountability system in Bangladesh: theory and practice
260 ## - PUBLICATION, DISTRIBUTION, ETC. (IMPRINT)
Place of publication, distribution, etc Bangladesh Journal of Public Administration
300 ## - PHYSICAL DESCRIPTION
Extent 25(1), 2017: p. 113-124
520 ## - SUMMARY, ETC.
Summary, etc This paper addresses the parliamentary accountability system in Bangladesh. With a view to that Bangladesh constitution (CoB) and the Rules of Procedure (RoP) of Bangladesh parliament were analyzed. The mechanisms for ensuring accountability are questions, discussion, budgetary debate, motions, ombudsman, committees and resolution. The effectiveness of these mechanisms is determined by various factors such as active parliament, expertise and interest of parliamentarians, unbiased role of the Speaker and dynamism in committee systems. Absences of such factors have made multifarious problems in ensuring accountability of the executive branch of government through parliament. The implication is to remove all the barriers to ensure accountability for better democratic governance. - Reproduced
650 ## - SUBJECT ADDED ENTRY--TOPICAL TERM
Topical term or geographic name as entry element Bangladesh - Politics and government
9 (RLIN) 17586
773 ## - HOST ITEM ENTRY
Main entry heading Bangladesh Journal of Public Administration
906 ## - LOCAL DATA ELEMENT F, LDF (RLIN)
Subject DIP POLITICAL CULTURE - BANGLADESH
942 ## - ADDED ENTRY ELEMENTS (KOHA)
Item type Articles
Holdings
Withdrawn status Lost status Source of classification or shelving scheme Damaged status Not for loan Permanent location Current location Date acquired Serial Enumeration / chronology Barcode Date last seen Koha item type
          Indian Institute of Public Administration Indian Institute of Public Administration 2020-09-07 25(1), 2017: p. 113-124 AR122930 2020-09-07 Articles

Powered by Koha